Learn data analysis with python: (Record no. 6282)
[ view plain ]
| 000 -LEADER | |
|---|---|
| fixed length control field | 00653nam a22002417a 4500 |
| 003 - CONTROL NUMBER IDENTIFIER | |
| control field | OSt |
| 005 - DATE AND TIME OF LATEST TRANSACTION | |
| control field | 20220107122846.0 |
| 008 - FIXED-LENGTH DATA ELEMENTS--GENERAL INFORMATION | |
| fixed length control field | 181130b xxu||||| |||| 00| 0 eng d |
| 020 ## - INTERNATIONAL STANDARD BOOK NUMBER | |
| International Standard Book Number | 9781484234853 |
| 040 ## - CATALOGING SOURCE | |
| Transcribing agency | IIITMK |
| 082 ## - DEWEY DECIMAL CLASSIFICATION NUMBER | |
| Classification number | 006.312 HEN/L |
| 100 ## - MAIN ENTRY--PERSONAL NAME | |
| Personal name | Henley, A J |
| 9 (RLIN) | 15111 |
| 245 ## - TITLE STATEMENT | |
| Title | Learn data analysis with python: |
| Remainder of title | Lessons in coding |
| 260 ## - PUBLICATION, DISTRIBUTION, ETC. | |
| Place of publication, distribution, etc. | USA, |
| Name of publisher, distributor, etc. | Apress, |
| Date of publication, distribution, etc. | 2018. |
| 300 ## - PHYSICAL DESCRIPTION | |
| Extent | ix, 97p. |
| 650 ## - SUBJECT ADDED ENTRY--TOPICAL TERM | |
| Topical term or geographic name entry element | COMPUTER SCIENCE |
| 9 (RLIN) | 16660 |
| 650 ## - SUBJECT ADDED ENTRY--TOPICAL TERM | |
| Topical term or geographic name entry element | COMPUTER PROGRAMMING |
| 9 (RLIN) | 16661 |
| 650 ## - SUBJECT ADDED ENTRY--TOPICAL TERM | |
| Topical term or geographic name entry element | PROGRAMMING LANGUAGE |
| 9 (RLIN) | 16662 |
| 650 ## - SUBJECT ADDED ENTRY--TOPICAL TERM | |
| Topical term or geographic name entry element | DATA ANALYSIS |
| 9 (RLIN) | 16663 |
| 650 ## - SUBJECT ADDED ENTRY--TOPICAL TERM | |
| Topical term or geographic name entry element | PYTHON |
| 9 (RLIN) | 16664 |
| 700 ## - ADDED ENTRY--PERSONAL NAME | |
| Personal name | Wolf, Dave |
| 9 (RLIN) | 15112 |
| 942 ## - ADDED ENTRY ELEMENTS (KOHA) | |
| Source of classification or shelving scheme | Dewey Decimal Classification |
| Koha item type | Books |
| Withdrawn status | Lost status | Source of classification or shelving scheme | Damaged status | Not for loan | Collection code | Home library | Current library | Shelving location | Date acquired | Cost, normal purchase price | Total Checkouts | Total Renewals | Full call number | Barcode | Date last seen | Date last checked out | Price effective from | Koha item type |
|---|---|---|---|---|---|---|---|---|---|---|---|---|---|---|---|---|---|---|
| Dewey Decimal Classification | Data Analytics/ Big Data/ Data Mining | Kerala University of Digital Sciences, Innovation and Technology Knowledge Centre | Kerala University of Digital Sciences, Innovation and Technology Knowledge Centre | Computer Science | 30/11/2018 | 1038.00 | 9 | 1 | 006.312 HEN/L | 5333 | 04/10/2023 | 08/02/2022 | 30/11/2018 | Books |